|
|
|
|
| LEADER |
00000nam2a2200000 4500 |
| 001 |
34637 |
| 005 |
20231101210240.0 |
| 035 |
|
|
|a (RuTPU)RU\TPU\book\35040
|
| 035 |
|
|
|a BOOK00001691
|
| 090 |
|
|
|a 34637
|
| 100 |
|
|
|a 20011210d1982 km y0rusy50 ca
|
| 101 |
0 |
|
|a rus
|
| 102 |
|
|
|a RU
|
| 105 |
|
|
|a a g 000zy
|
| 200 |
0 |
|
|a Ч. 1
|
| 210 |
|
|
|d 1982
|
| 215 |
|
|
|a 543 с.
|c ил.
|
| 451 |
|
1 |
|0 (RuTPU)RU\TPU\book\44655
|t Ч. 1
|d 1979
|p 544 с.
|
| 461 |
|
1 |
|0 (RuTPU)RU\TPU\book\44312
|t Допуски и посадки
|o справочник
|o в 2 ч.
|f В. Д. Мягков [и др.]
|v Ч. 1
|e 6-е изд., перераб. и доп.
|d 1982-1983
|
| 606 |
1 |
|
|a Допуски и посадки
|x Стандартизация
|2 stltpush
|3 (RuTPU)RU\TPU\subj\10009
|9 37150
|
| 610 |
1 |
|
|a технические измерения
|
| 610 |
1 |
|
|a машиностроение
|
| 610 |
1 |
|
|a применение
|
| 610 |
1 |
|
|a расчеты
|
| 610 |
1 |
|
|a ЕДСП
|
| 610 |
1 |
|
|a размеры
|
| 610 |
1 |
|
|a таблицы
|
| 610 |
1 |
|
|a справочники
|
| 675 |
|
|
|a 621.753.1/.2(035)
|v 3
|
| 801 |
|
0 |
|a RU
|b 63413507
|c 20011210
|g PSBO
|
| 801 |
|
2 |
|a RU
|b 63413507
|c 20230411
|g PSBO
|
| 900 |
|
|
|a Технические измерения в машиностроении
|
| 900 |
|
|
|a Нормирование точности
|
| 900 |
|
|
|a Технология производства электрических аппаратов
|
| 942 |
|
|
|c BK
|